Britain and the cold war : 1945 as geopolitical transition

Αποθηκεύτηκε σε:
Λεπτομέρειες βιβλιογραφικής εγγραφής
Κύριος συγγραφέας: Taylor, Peter J. (Peter James) 1944-
Μορφή: Βιβλίο
Γλώσσα:English
Δημοσίευση: London : New York : Pinter Publishers;, Guilford Publications, c1990
Σειρά:Geography and international relations series
Θέματα:
Ετικέτες: Προσθήκη ετικέτας
Δεν υπάρχουν, Καταχωρήστε ετικέτα πρώτοι!

MARC

LEADER 00000nam a2200000 i 4500
001 1/99277
008 000127s1990 eng d
020 |a 1-85567-181-6 
035 |l 10056823 
040 |a GR-MY-UA  |b gre  |e aacr 
041 0 |a eng 
082 0 |a 941.085 
100 1 |a Taylor, Peter J.  |q (Peter James)  |d 1944- 
245 1 0 |a Britain and the cold war :  |b 1945 as geopolitical transition /  |c Peter J. Taylor 
260 |a London :   |a New York :   |b Pinter Publishers;,   |b Guilford Publications,   |c c1990 
300 |a 153 p. 
490 1 |a Geography and international relations series 
504 |a Includes bibliographical references and index 
650 0 0 |a World politics  |y 1945-1989. 
651 0 |a Great Britain  |x Politics and government  |y 1945-1989. 
651 0 |a Great Britain  |x Foreign relations  |y 1945-1989. 
830 0 |a Geography and international relations series 
852 |a INST  |b LESVOS  |e 20000127  |h 941.085 TAY  |p 005100018758  |q 005100018758  |t BK  |y 0 
901 |a BIBL1-2000-1 
909 |a Λ  |b 071145 
922 |a 1ΕΛΗ  |b 199912  |c ΚΠΣ/ΤΓ  |d LEADER 
950 |a 118-1999-09-03 
970 |a ΜΟΥΣΤΑΚΑ  |b ΠΗΝΕΛΟΠΗ  |z 2000/01/31